| 000 | 00490nam a2200193Ia 4500 | ||
|---|---|---|---|
| 003 | OSt | ||
| 005 | 20260120102246.0 | ||
| 008 | 250729s1965 xx 000 0 und d | ||
| 040 | _cAL | ||
| 041 | _aeng | ||
| 082 | _a030 WBC | ||
| 100 |
_aRobert O Zeleny William Nault _9227785 |
||
| 245 | _aThe world book encyclopedia vol-19(U to V) | ||
| 260 |
_aChicago,London _c1965 |
||
| 300 | _a370p | ||
| 650 |
_aEncyclopedia _9227786 |
||
| 700 |
_aRoo Digumurthi _9227787 |
||
| 942 |
_2ddc _cBED |
||
| 999 |
_c237766 _d237766 |
||